[Event "5th Neckar Open"]
[Site "Deizisau GER"]
[Date "2001.04.16"]
[Round "8"]
[White "Forintos,G"]
[Black "Hamm,S"]
[Result "1-0"]
[WhiteElo "2371"]
[BlackElo "2247"]

1.d4 Nf6 2.c4 e6 3.Nc3 Bb4 4.f3 d5 5.a3 Bxc3+ 6.bxc3 c5 7.cxd5 Nxd5 8.dxc5 Qa5
9.e4 Ne7 10.Be3 O-O 11.Qb3 Nd7 12.Bb5 Qc7 13.Bxd7 Bxd7 14.Ne2 e5 15.Rb1 Bc6
16.O-O Kh8 17.c4 f5 18.Nc3 fxe4 19.fxe4 Qd7 20.Qd1 Qxd1 21.Rbxd1 Ng6 22.g3 Rxf1+
23.Kxf1 Kg8 24.Ke2 h6 25.Rd6 Kf7 26.Bf2 Nf8 27.Nd5 Rc8 28.Be3 Ne6 29.Nc3 Rd8
30.Kd3 Rd7 31.Rxd7+ Bxd7 32.c6 Bxc6 33.Bxa7 Nf8 34.Be3 Nd7 35.a4 Nf6 36.a5 Ke6
37.Nd5 Kf7 38.Bb6 Ke6 39.Bg1 Kf7 40.Ba7 Ke6 41.h3 h5 42.Bb6 Kd6 43.Bc7+ Ke6
44.Ke3 Ba4 45.Nb4 Nd7 46.Bb6 Kd6 47.Kd3 Nxb6 48.axb6 Kc5 49.Kc3 Kxb6 50.Nd3 Bc6
51.Nxe5 Bxe4 52.Kd4 Bg2 53.h4 Kc7 54.c5 b6 55.cxb6+ Kxb6 56.Ng6 Bf3 57.Ne7 Bg4
58.Ke5 Kc7 59.Nf5 Kd7 60.Nxg7 Ke7 61.Nf5+ Kf8 62.Kf6 Bd1 63.Ne7 Bf3 64.Ng6+ Kg8
65.Kg5 Kg7 66.Nf4  1-0

[Event "GM"]
[Site "Hampstead ENG"]
[Date "2001.04.20"]
[Round "5"]
[White "Palliser,R"]
[Black "Koneru,H"]
[Result "1/2-1/2"]
[WhiteElo "2342"]
[BlackElo "2311"]

1.d4 Nf6 2.c4 e6 3.Nc3 Bb4 4.f3 d5 5.a3 Bxc3+ 6.bxc3 c5 7.cxd5 Nxd5 8.Qd2 cxd4
9.cxd4 f5 10.Nh3 O-O 11.e4 fxe4 12.fxe4 Nb6 13.a4 Nc6 14.Bb2 Qh4+ 15.Nf2 Na5
16.g3 Qf6 17.Qe2 Nbc4 18.e5 Qd8 19.Bg2 Nxb2 20.Qxb2 Nc6 21.O-O Qxd4 22.Qxd4 Nxd4
23.Ne4 Nc6 24.Rad1 Rb8 25.Rxf8+ Kxf8 26.Nc5 Nxe5 27.Rd8+ Ke7 28.Rg8 Kf7 29.Rh8 Ng6
30.Rd8 Nf8 31.Bxb7 Rxb7 32.Rxc8 Re7 33.a5 e5 34.Kf2 Ne6 35.Ke3 Nxc5 36.Rxc5 Kf6
37.Ke4 h5 38.h4 Re6 39.Rc7 Ra6 40.Rc5 Re6 41.Rc7 Rd6 42.Rxa7 Rd4+ 43.Kf3 Rd3+
44.Ke4 Rd4+ 45.Kf3 Ra4 46.Ra8 Kf5 47.Rf8+ Ke6 48.Ra8 g6  1/2-1/2

[Event "Masters"]
[Site "Besancon FRA"]
[Date "2001.04.22"]
[Round "2"]
[White "Neiman,E"]
[Black "Siegel,G"]
[Result "1/2-1/2"]
[WhiteElo "2318"]
[BlackElo "2453"]

1.c4 e6 2.d4 Nf6 3.Nc3 Bb4 4.f3 d5 5.a3 Bxc3+ 6.bxc3 c5 7.cxd5 Nxd5 8.dxc5 Qa5
9.e4 Ne7 10.Be3 O-O 11.Qb3 Na6 12.Rd1 Nxc5 13.Qb4 Qxb4 14.axb4 Na4 15.Bd4 Rd8  1/2-1/2

[Event "2nd ch-EUR Women"]
[Site "Warsaw POL"]
[Date "2001.04.24"]
[Round "3"]
[White "Baklanova,T"]
[Black "Bojkovic,N"]
[Result "0-1"]
[WhiteElo "2257"]
[BlackElo "2447"]

1.d4 Nf6 2.c4 e6 3.Nc3 Bb4 4.f3 d5 5.a3 Bxc3+ 6.bxc3 c5 7.cxd5 Nxd5 8.dxc5 Qa5
9.e4 Nf6 10.Be3 O-O 11.Qb3 Nfd7 12.Nh3 Qc7 13.a4 Nxc5 14.Qa3 Nba6 15.Nf4 b6
16.Bb5 Bb7 17.O-O Rfd8 18.a5 Nd7 19.Ne2 Nac5 20.Rfb1 Bc6 21.c4 Rac8 22.Bf4 e5
23.Be3 Bxb5 24.cxb5 Ne6 25.axb6 axb6 26.Rc1 Ndc5 27.Qa7 Qd6 28.Rd1 Qxd1+
29.Rxd1 Rxd1+ 30.Kf2 Rd6 31.h4 h6 32.Bxc5 Nxc5 33.g4 Ne6 34.Qb7 Rc2 35.Qb8+ Rd8
36.Qxb6 Rdd2 37.Qb8+ Kh7 38.Qxe5 Rxe2+ 39.Kg3 Rg2+ 40.Kh3 g5  0-1

[Event "Astral Open"]
[Site "Bucharest ROM"]
[Date "2001.04.25"]
[Round "5"]
[White "Vioreanu,B"]
[Black "Cosma,I"]
[Result "0-1"]
[WhiteElo "2339"]
[BlackElo "2467"]

1.d4 Nf6 2.c4 e6 3.Nc3 Bb4 4.f3 d5 5.a3 Bxc3+ 6.bxc3 c5 7.cxd5 Nxd5 8.dxc5 Qa5
9.e4 Nf6 10.Be3 O-O 11.Qb3 Nbd7 12.Bb5 Qc7 13.Ne2 Nxc5 14.Qc4 b6 15.Bxc5 bxc5
16.O-O a6 17.Ba4 Nd7 18.Bc2 Ne5 19.Qa2 a5 20.f4 Ba6 21.Rae1 Nd3 22.Bxd3 Bxd3
23.e5 Rfd8 24.Rf3 Rab8 25.Rd1 Ba6 26.Rff1 h5 27.c4 h4 28.h3 Qc6 29.Nc3 Rd4
30.Nb5 Bxb5 31.cxb5 Qxb5 32.f5 Qa4 33.Rb1 Rxb1 34.Qxb1 Qxa3 35.fxe6 Qe3+
36.Kh1 fxe6 37.Qa2 Qxe5 38.Qxa5 Kh7 39.Qb5 Qd5 40.Qb2 Qe4 41.Qc1 Rd3 42.Kh2 Rg3
43.Rf2 c4 44.Qd1 Qe5 45.Kh1 Qd5 46.Qc2+ Kg8 47.Kh2 Qe5 48.Kh1 Rc3 49.Qd2 Rd3
50.Qc1 Qd5 51.Kh2 Qd6+  0-1

[Event "Astral Open"]
[Site "Bucharest ROM"]
[Date "2001.04.25"]
[Round "5"]
[White "Jianu,V"]
[Black "Florescu,P"]
[Result "1-0"]
[WhiteElo "2320"]
[BlackElo "2197"]

1.d4 Nf6 2.c4 e6 3.Nc3 Bb4 4.f3 c5 5.a3 Ba5 6.e3 d6 7.Bd3 Nc6 8.Ne2 O-O 9.O-O cxd4
10.exd4 Bb6 11.Kh1 h6 12.Be3 e5 13.dxe5 Nxe5 14.Bxb6 Qxb6 15.b3 Qe3 16.Bc2 Be6
17.Qd4 Qxd4 18.Nxd4 Bd7 19.Rad1 Rfd8 20.Rd2 Rac8 21.Rfd1 Ne8 22.Ndb5 Bxb5
23.Nxb5 a6 24.Nxd6 Nxd6 25.Rxd6 Rxd6 26.Rxd6 b5 27.c5 b4 28.axb4 Nc6 29.Bf5 Re8
30.h3 Nxb4 31.c6  1-0

[Event "Open"]
[Site "Dubai UAE"]
[Date "2001.04.25"]
[Round "9"]
[White "Yakovich,Y"]
[Black "Sorokin,M"]
[Result "0-1"]
[WhiteElo "2577"]
[BlackElo "2538"]

1.d4 Nf6 2.c4 e6 3.Nc3 Bb4 4.f3 c5 5.d5 b5 6.e4 bxc4 7.Bxc4 O-O 8.Ne2 Ba6
9.Bxa6 Nxa6 10.O-O c4 11.Kh1 Qa5 12.Bg5 Ne8 13.Rc1 Rb8 14.Qa4 Bxc3 15.Nxc3 Qxa4
16.Nxa4 Rb4 17.Nc3 f6 18.Be3 Rxb2 19.Bxa7 Nd6 20.dxe6 dxe6 21.Rfd1 Rd8 22.Rb1 Rc2
23.Rdc1 Rxc1+ 24.Rxc1 Ra8 25.Be3 Nb4 26.a4 Kf7 27.Kg1 Nd3 28.Rb1 Ke7 29.Kf1 Kd7
30.Ke2 g5 31.Bd4 f5 32.e5 Nf7 33.Rb7+ Ke8 34.Nb5 Kf8 35.Nc7 Nf4+ 36.Kf1 Rd8
37.g3 Rxd4 38.gxf4 Nd8 39.Rb4 Rxf4 40.Rb8 Ke7 41.Rxd8 Rxf3+ 42.Kg2 Kxd8 43.Nxe6+ Ke7
44.Kxf3 Kxe6 45.a5 c3 46.Ke2 f4 47.a6 c2 48.Kd2 f3 49.a7 f2 50.a8=Q c1=Q+
51.Kxc1 f1=Q+ 52.Kd2 Qf2+ 53.Kd3 Qf1+ 54.Kd2 Qf4+ 55.Kd3 Qxe5 56.Qg8+ Kf5
57.Qxh7+ Kf4 58.Qf7+ Kg4 59.Qd7+ Kf3 60.Qh3+ Kf2 61.Qg4 Qe3+ 62.Kc4 Qf4+  0-1

[Event "TCh-FRA"]
[Site "Montpellier FRA"]
[Date "2001.04.28"]
[Round "8"]
[White "Marcelin,C"]
[Black "Salaun,Y"]
[Result "1-0"]
[WhiteElo "2414"]
[BlackElo "2391"]

1.d4 e6 2.c4 Nf6 3.Nc3 Bb4 4.f3 d6 5.Bg5 O-O 6.Rc1 Nbd7 7.a3 Bxc3+ 8.Rxc3 c6
9.e3 e5 10.Bd3 Qe8 11.Bb1 h6 12.Bh4 exd4 13.Qxd4 d5 14.b4 dxc4 15.Rxc4 Nd5
16.Kf2 a5 17.Ne2 axb4 18.axb4 Ne5 19.Rcc1 Ng6 20.Bg3 Qe6 21.Nc3 Nxc3 22.Rxc3 Ne7
23.e4 Ra4 24.Rd1 Re8 25.Kg1 Ng6 26.Bc2 Ra8 27.f4 Qe7 28.h3 Nf8 29.f5 Nd7
30.Bd6 Qf6 31.e5 Qg5 32.Kh2 Ra2 33.Rg3 Qxg3+ 34.Kxg3 Rxc2 35.Qd3 Ra2 36.Qb3 Re2
37.Kf3 R2xe5 38.Bxe5 Nxe5+ 39.Kf4 g5+ 40.fxg6 Nxg6+ 41.Kg3 Be6 42.Qe3 h5
43.Kh2 h4 44.Qb6 Re7 45.Rd8+ Kh7 46.Qd4 b5 47.Rh8+ Nxh8 48.Qxh4+ Kg7 49.Qxe7 Ng6
50.Qd6 Bd5 51.g4  1-0

[Event "54th ch-RUS"]
[Site "Elista RUS"]
[Date "2001.04.30"]
[Round "1"]
[White "Kobalija,M"]
[Black "Loginov,Va"]
[Result "1/2-1/2"]
[WhiteElo "2590"]
[BlackElo "2499"]

1.d4 Nf6 2.c4 e6 3.Nc3 Bb4 4.f3 c5 5.d5 O-O 6.e4 Re8 7.Ne2 exd5 8.cxd5 d6
9.Ng3 Nbd7 10.Be2 a6 11.O-O h6 12.Bd2 Ne5 13.Kh1 Bd7 14.Qc2 Rc8 15.h3 c4
16.a3 Ba5 17.Rae1 Bb6 18.Qc1 Bd4 19.Be3 Qb6 20.Bxd4  1/2-1/2

[Event "TCh-FRA"]
[Site "Montpellier FRA"]
[Date "2001.04.30"]
[Round "10"]
[White "Benitah,Y"]
[Black "Fontaine,R"]
[Result "0-1"]
[WhiteElo "2345"]
[BlackElo "2438"]

1.d4 Nf6 2.c4 e6 3.Nc3 Bb4 4.f3 c5 5.d5 d6 6.Bd2 O-O 7.e4 Nh5 8.g3 f5 9.exf5 exf5
10.Bd3 Nd7 11.f4 Ndf6 12.Qf3 g6 13.Nge2 Bd7 14.O-O-O a6 15.h3 b5 16.Rhg1 bxc4
17.Bxc4 Qb6 18.g4 Ng7 19.Kc2 Rab8 20.Rb1 Rfe8 21.a4 Ne4 22.b3 Nxd2 23.Kxd2 Re7
24.Ng3 Rbe8 25.Rge1 fxg4 26.hxg4 Bxg4 27.Qd3 Rxe1 28.Rxe1 Rxe1 29.Kxe1 Qd8
30.Kf2 Qh4 31.Kg1 Nf5 32.Nce4 Nd4  0-1

[Event "54th ch-RUS"]
[Site "Elista RUS"]
[Date "2001.05.02"]
[Round "3"]
[White "Volkov,S"]
[Black "Loginov,Va"]
[Result "1-0"]
[WhiteElo "2558"]
[BlackElo "2499"]

1.d4 Nf6 2.c4 e6 3.Nc3 Bb4 4.f3 c5 5.d5 O-O 6.e4 Re8 7.Ne2 d6 8.a3 Ba5 9.Ng3 Bxc3+
10.bxc3 Qa5 11.Bd2 Nbd7 12.Be2 Ne5 13.f4 Ng6 14.O-O Bd7 15.Bd3 Qa4 16.Qf3 exd5
17.cxd5 c4 18.Bb1 Qa5 19.h3 Re7 20.Kh2 Rae8 21.Ra2 Nh4 22.Qf2 Ng6 23.Rb2 Bc8
24.Rb4 h5 25.Rxc4 h4 26.Nf5 Bxf5 27.exf5 Re2 28.Qf3 Nf8 29.Rf2 Rxf2 30.Qxf2 Qxa3
31.Rb4 b6 32.Bd3 Qa2 33.Rd4 N8d7 34.Bb5 Qc2 35.Qxh4 Qxf5 36.Bd3 Ne4 37.Rxe4 Rxe4
38.Qd8+ Nf8 39.Qxd6 Ng6 40.c4 Kh8 41.g4 Re2+ 42.Bxe2 Qc2 43.f5  1-0

[Event "Ivan Cvitanovic Mem"]
[Site "Split CRO"]
[Date "2001.05.03"]
[Round "6"]
[White "Forintos,G"]
[Black "Dimitrov,V"]
[Result "0-1"]
[WhiteElo "2371"]
[BlackElo "2512"]

1.d4 Nf6 2.c4 e6 3.Nc3 Bb4 4.f3 Nc6 5.a3 Bxc3+ 6.bxc3 b6 7.e4 Ba6 8.Bg5 Qc8
9.Bd3 Na5 10.Qe2 d6 11.Bxf6 gxf6 12.Nh3 Qd7 13.Nf4 h5 14.a4 O-O-O 15.d5 e5
16.Nh3 Rdg8 17.Kf1 c6 18.Nf2 Nb3 19.Rb1 Nc5 20.Nd1 cxd5 21.Ne3 dxe4 22.Bxe4 Nxe4
23.fxe4 Qc6 24.Kf2 Qxe4 25.Qf3 Bb7 26.Qxe4 Bxe4 27.Rbd1 f5 28.Rhg1 Kd7 29.c5 bxc5
30.Nc4 Rh6 31.Nxe5+ Ke7 32.Nd3 Rb8 33.Nf4 Rb3 34.Rc1 Rb2+ 35.Kg3 h4+ 36.Kh3 d5
37.Rce1 d4 38.cxd4 Rb3+  0-1

[Event "54th ch-RUS"]
[Site "Elista RUS"]
[Date "2001.05.09"]
[Round "9"]
[White "Volkov,S"]
[Black "Shariyazdanov,A"]
[Result "1-0"]
[WhiteElo "2558"]
[BlackElo "2594"]

1.d4 Nf6 2.c4 e6 3.Nc3 Bb4 4.f3 d5 5.a3 Bxc3+ 6.bxc3 O-O 7.cxd5 exd5 8.e3 b6
9.Ra2 Re8 10.g4 c5 11.Rg2 Ba6 12.Bxa6 Nxa6 13.Ne2 Nc7 14.h4 Ne6 15.O-O cxd4
16.exd4 Rc8 17.Qd3 Qc7 18.Qf5 Qc4 19.h5 Nd7 20.g5 Nef8 21.Rff2 Rc6 22.Bd2 g6
23.Qg4 Qb3 24.Ng3 Qxa3 25.f4 f5 26.gxf6 Nxf6 27.Qg5 Qe7 28.hxg6 hxg6 29.Re2 Re6
30.Nf5 Qd7 31.Nh6+ Kg7 32.Rxe6 Qxe6 33.f5 Qd7 34.fxg6 Ne4 35.Nf5+ Kg8 36.Qf4 Nxd2
37.g7 Re1+ 38.Kh2 Ng6 39.Rxg6 Re2+ 40.Kh1 Re1+ 41.Kg2 Re2+ 42.Kg3 Ne4+ 43.Kh4 Qd8+
44.Kh5 Nf6+ 45.Rxf6  1-0

[Event "TCh-RUS"]
[Site "Tomsk RUS"]
[Date "2001.05.13"]
[Round "1"]
[White "Volkov,S"]
[Black "Shaposhnikov,E"]
[Result "1-0"]
[WhiteElo "2558"]
[BlackElo "2514"]

1.d4 Nf6 2.c4 e6 3.Nc3 Bb4 4.f3 d5 5.a3 Be7 6.e4 dxe4 7.fxe4 e5 8.d5 Bc5
9.Nf3 Bg4 10.h3 Bxf3 11.Qxf3 Nbd7 12.Bd3 a5 13.Bd2 O-O 14.O-O-O Ne8 15.Kb1 Nd6
16.Rc1 Qe7 17.Rhe1 Rfb8 18.Na4 b5 19.cxb5 Nxb5 20.Bxb5 Rxb5 21.Ka2 Rab8 22.Be3 Bxe3
23.Qxe3 Nb6 24.Nxb6 R8xb6 25.Re2 h6 26.Qc3 Rb7 27.Qc6 Qf8 28.Rcc2 R5b6 29.Qc3 Qd6
30.Qxa5 f5 31.exf5 Rb5 32.Qa8+ Kh7 33.Red2 Rxd5 34.Qxb7 Rxd2 35.Rxc7 Qf8
36.g4 Rd3 37.Re7 Qg8+ 38.Kb1 Rxh3 39.f6  1-0

[Event "65th ch-BUL"]
[Site "Tsarevo BUL"]
[Date "2001.05.15"]
[Round "5"]
[White "Tsvetkov,I"]
[Black "Genov,Peta"]
[Result "0-1"]
[WhiteElo "2319"]
[BlackElo "2447"]

1.d4 Nf6 2.c4 e6 3.Nc3 Bb4 4.f3 c5 5.d5 Bxc3+ 6.bxc3 Qa5 7.Bd2 d6 8.e4 Nbd7
9.Nh3 Nb6 10.Nf2 Qa4 11.Bd3 Qxd1+ 12.Nxd1 Bd7 13.Rb1 O-O-O 14.Kf2 Rde8 15.h4 Ba4
16.Ne3 h5 17.Nf1 Nbd7 18.Bf4 Ne5 19.Bxe5 dxe5 20.Ne3 Rd8 21.Bc2 Bd7 22.Rhd1 Kc7
23.Rd2 Bc8 24.Ba4 Rd6 25.Rbd1 Rhd8 26.Ke1 Rb6 27.g3 Rdd6 28.Kf2 Ra6 29.Bb3 Bd7
30.dxe6 Rxd2+ 31.Rxd2 Bxe6 32.Nd5+ Bxd5 33.cxd5 Ne8 34.Bd1 Nd6 35.Be2 Ra3
36.Rc2 b5 37.Ke1 f6 38.Kd2 a5 39.Kc1 Kb6 40.Kb2 b4 41.Rc1 g6 42.Rc2 f5 43.exf5 Nxf5
44.cxb4 axb4 45.Rd2 Nd6 46.Rd3 Ra7 47.Re3 Re7 48.Bd3 c4 49.Bxg6 Rg7 50.Rxe5 Rxg6
51.Re6 Rxg3 52.Rxd6+ Kc5 53.Rc6+ Kd4 54.d6 Rg2+ 55.Kc1 Kc3 56.Kd1 Rxa2 57.Ke1 Ra5
58.d7 Rd5 59.Rc7 b3 60.f4 b2 61.Rb7 Rxd7  0-1

[Event "Open"]
[Site "Pula CRO"]
[Date "2001.05.20"]
[Round "3"]
[White "Saric,Ib"]
[Black "Nikolac,J"]
[Result "0-1"]
[WhiteElo "2319"]
[BlackElo "2437"]

1.d4 Nf6 2.c4 e6 3.Nc3 Bb4 4.f3 c5 5.a3 Bxc3+ 6.bxc3 Nc6 7.e3 b6 8.Bd3 O-O
9.Ne2 Ba6 10.e4 Ne8 11.f4 f5 12.Ng3 Nd6 13.O-O cxd4 14.cxd4 fxe4 15.Nxe4 Nxe4
16.Bxe4 d5 17.cxd5 exd5 18.Bb1 Bxf1 19.Qh5 g6 20.Bxg6 Qd7 21.Kxf1 hxg6 22.Qxg6+ Kh8
23.a4 Qh7 24.Qxc6 Rac8 25.Qb5 Qxh2 26.Qxd5 Rxc1+ 27.Rxc1 Qxf4+  0-1

[Event "IV It"]
[Site "Santo Antonio POR"]
[Date "2001.05.24"]
[Round "6"]
[White "Yakovich,Y"]
[Black "Chandler,M"]
[Result "1/2-1/2"]
[WhiteElo "2577"]
[BlackElo "2529"]

1.d4 Nf6 2.c4 e6 3.Nc3 Bb4 4.f3 d5 5.a3 Bxc3+ 6.bxc3 c5 7.cxd5 Nxd5 8.dxc5 f5
9.e4 fxe4 10.Qc2 e3 11.Bd3 Nd7 12.c4 Qa5+ 13.Kf1 N5f6 14.Bxe3 Nxc5 15.Be2 O-O
16.Nh3 e5 17.Nf2 Be6 18.g3 Rac8  1/2-1/2

[Event "2nd IECC"]
[Site "Ohrid MKD"]
[Date "2001.06.01"]
[Round "1"]
[White "Kobalija,M"]
[Black "Cao,S"]
[Result "1/2-1/2"]
[WhiteElo "2590"]
[BlackElo "2488"]

1.d4 Nf6 2.c4 e6 3.Nc3 Bb4 4.f3 d5 5.a3 Bxc3+ 6.bxc3 c5 7.cxd5 Nxd5 8.dxc5 Qa5
9.e4 Ne7 10.Be3 O-O 11.Qb3 Nec6 12.a4 e5 13.Qa3 Be6 14.Ne2 Nd7 15.Rb1 Qc7
16.Ng3 Rfc8 17.Nf5 Bxf5 18.exf5 Ne7 19.c6 Nxc6 20.Bb5 Nf6 21.Bd3 Ne7 22.c4 Qd7
23.O-O Nxf5 24.Bxf5 Qxf5 25.Rxb7 Rxc4 26.Bxa7 h5 27.Qb3 Rac8 28.Rb8 Rc7 29.Rxc8+ Rxc8
30.Bf2 e4 31.fxe4 Nxe4 32.Be3 Qg6 33.a5 Rc3 34.Qb6 Rc6 35.Qb3 Rc3 36.Qb6 Rc6
37.Qb1 Kh7 38.Bb6 f5 39.Re1 h4 40.h3 Rd6 41.Rd1 Re6 42.Qd3 Rc6 43.Qf3 Rc2
44.Be3 Ra2 45.Bb6 Rc2 46.Be3 Ra2 47.Bb6  1/2-1/2

[Event "White Nights"]
[Site "St Petersburg RUS"]
[Date "2001.06.14"]
[Round "6"]
[White "Vulfson,V"]
[Black "Stotika,V"]
[Result "1-0"]
[WhiteElo "2412"]
[BlackElo "2310"]

1.d4 Nf6 2.c4 e6 3.Nc3 Bb4 4.f3 d5 5.a3 Be7 6.e4 dxe4 7.fxe4 e5 8.d5 Bc5
9.Nf3 Bg4 10.Bd3 Nbd7 11.Bg5 h6 12.Bh4 g5 13.Bf2 Bxf2+ 14.Kxf2 c6 15.Ke1 a5
16.Rf1 Qe7 17.Rb1 O-O 18.h3 Bh5 19.g4 Bg6 20.Kf2 Nc5 21.Qe2 cxd5 22.cxd5 a4
23.Nd2 h5 24.Kg3 hxg4 25.hxg4 Kg7 26.Rh1 Nxd3 27.Qxd3 Rh8 28.Qe3 Nd7 29.Rxh8 Kxh8
30.Nf3 f6 31.Ne1 Be8 32.Nd3 Rc8 33.Rh1+ Kg8 34.Nxa4 Rc4 35.Nc3 Nf8 36.Qb6 Rd4
37.Nc5 Bg6 38.Ne6 Rd3+ 39.Kf2 Nxe6 40.Qxe6+ Qxe6 41.dxe6 Rd6 42.e7 Rd2+ 43.Ke3 Rxb2
44.Nd5 Kg7 45.Rc1 Rb3+ 46.Kf2 Be8 47.Rc8 Kf7 48.Nc7 Kxe7 49.Nxe8 Rxa3 50.Ng7 Ra2+
51.Ke3 Ra3+ 52.Kd2 Ra2+ 53.Kd3 Rg2 54.Rc7+ Kd6 55.Ne8+ Ke6 56.Rxb7 Rxg4 57.Rb6+ Kf7
58.Nxf6 Rg1 59.Ke3 Ke7 60.Kf2 Ra1 61.Nh7 g4 62.Nf6 g3+ 63.Kxg3 Rf1 64.Nd5+ Kf7
65.Kg4  1-0

[Event "White Nights"]
[Site "St Petersburg RUS"]
[Date "2001.06.16"]
[Round "8"]
[White "Utnasunov,A"]
[Black "Vaingorten,Y"]
[Result "0-1"]
[WhiteElo "2291"]
[BlackElo "2192"]

1.d4 Nf6 2.c4 e6 3.Nc3 Bb4 4.f3 d5 5.a3 Bxc3+ 6.bxc3 c5 7.cxd5 Nxd5 8.dxc5 Qa5
9.e4 Ne7 10.Be3 e5 11.Qb3 O-O 12.Bc4 Nd7 13.Nh3 h6 14.Nf2 Qc7 15.Nd3 b6 16.cxb6 Nxb6
17.Bxb6 axb6 18.O-O Bd7 19.f4 b5 20.Bd5 Nxd5 21.exd5 exf4 22.Rxf4 Rac8 23.Rc1 Rfe8
24.Qb4 Qa7+ 25.Kf1 Qe3 26.Rf3 Qg5 27.Qd6 Bg4 28.Rg3 Re3 29.Nf4 Re4 30.Nd3 Qd2
31.h3 Be2+ 32.Kg1 Bxd3 33.Ra1 Qxc3 34.Rd1 Re1+ 35.Rxe1 Qxe1+ 36.Kh2 Bg6 37.Qf4 Rc1
38.Re3 Qh1+ 39.Kg3 Qd1 40.d6 Rc4 41.Qe5 Qd4  0-1

[Event "TCh-Europe Boys U18"]
[Site "Balatonlelle HUN"]
[Date "2001.06.24"]
[Round "3"]
[White "Jianu,V"]
[Black "Korobov,A"]
[Result "1/2-1/2"]
[WhiteElo "2320"]
[BlackElo "2401"]

1.d4 Nf6 2.c4 e6 3.Nc3 Bb4 4.f3 c5 5.d5 exd5 6.cxd5 O-O 7.e4 d6 8.Ne2 b5
9.Ng3 a6 10.a4 bxa4 11.Qxa4 Re8 12.Be2 Nbd7 13.O-O a5 14.Qc2 Rb8 15.Nd1 Nb6
16.b3 Bd7 17.Bf4 Nfxd5 18.exd5 Qf6 19.Bc1 Qxa1 20.Bb2 Qa2 21.Bd3 f6 22.Bxh7+ Kf8
23.Qg6 Nxd5 24.Nh5 Re7 25.Nxf6 Qxb3 26.Ng8 Be8 27.Qxd6 Rb6 28.Qd8 Rd7 29.Qg5 Nc7
30.Re1 Qf7 31.Nc3 Ne6 32.Qe5 Qf4 33.Nd5 Rxd5 34.Qxd5 Bxe1 35.Be5 Qe3+ 36.Kh1 Bg3
37.hxg3 g6 38.Kh2 c4 39.Nf6 Qh6+ 40.Kg1 Qe3+ 41.Kh2 Qc5 42.Qa8 Qc6 43.Qxa5 Rb5
44.Qa3+ Nc5 45.Qe3 Ne6 46.Qa3+ Nc5 47.Bd4 Qd6 48.Qa8 Rb8 49.Bxc5 Rxa8 50.Bxd6+ Kg7
51.Bg8  1/2-1/2

[Event "ch-NED"]
[Site "Leeuwarden NED"]
[Date "2001.06.27"]
[Round "6"]
[White "Ernst,S"]
[Black "Van der Wiel,J"]
[Result "1/2-1/2"]
[WhiteElo "2435"]
[BlackElo "2493"]

1.d4 Nf6 2.c4 e6 3.Nc3 Bb4 4.f3 d5 5.a3 Be7 6.e4 dxe4 7.fxe4 e5 8.d5 Bc5
9.Nf3 Ng4 10.Na4 Bf2+ 11.Ke2 Bh4 12.g3 Be7 13.h3 Nf6 14.Qc2 O-O 15.Kf2 Bd7
16.Nc3 Bc5+ 17.Kg2 Re8 18.b4 Bd4 19.Bd3 a5 20.Rb1 axb4 21.axb4 c5 22.Ne2 Ba4
23.Qd2 b5 24.Nexd4 bxc4 25.Nf5 cxd3 26.Qg5 g6 27.Nh6+ Kg7 28.Qh4 Bc2 29.Rb2 c4
30.Ng5 Nbd7 31.Nhxf7 Qb6 32.Rf1 c3 33.Rxc2 dxc2 34.Ne6+ Rxe6 35.dxe6 Qxe6
36.Ng5 Qc4 37.g4 Ra6 38.Nxh7 Qxe4+  1/2-1/2

[Event "Open"]
[Site "Batumi GEO"]
[Date "2001.06.29"]
[Round "4"]
[White "Chibukhchian,A"]
[Black "Izoria,Z"]
[Result "0-1"]
[WhiteElo "2293"]
[BlackElo "2489"]

1.d4 Nf6 2.c4 e6 3.Nc3 Bb4 4.f3 d5 5.a3 Bxc3+ 6.bxc3 c6 7.e3 O-O 8.Bd3 Re8
9.Ne2 e5 10.cxd5 cxd5 11.dxe5 Rxe5 12.c4 Nc6 13.O-O dxc4 14.Bxc4 Be6 15.Bd3 Qe7
16.Nf4 Rd8 17.Qc2 Rc5 18.Qe2 Ne5 19.Nxe6 Qxe6 20.Bb1 Nd5 21.Bb2 Nc3 22.Qf2 g6
23.Bc2 Qb6 24.Be4 Qb3 25.Bxc3 Qxc3 26.Bxb7 Rd2 27.Qg3 Qxe3+ 28.Kh1 Nd3 29.h4 Rcc2
30.Rg1 Qd4 31.Rab1 Nf4 32.Rb4 Qxg1+ 33.Kxg1 Ne2+  0-1

[Event "ch-NOR"]
[Site "Kristiansund NOR"]
[Date "2001.07.09"]
[Round "3"]
[White "Johansen,Te"]
[Black "Borresen,G"]
[Result "1-0"]
[WhiteElo "2236"]
[BlackElo "2286"]

1.d4 e6 2.c4 Nf6 3.Nc3 Bb4 4.f3 d5 5.e3 O-O 6.Bd3 dxc4 7.Bxc4 c5 8.a3 Ba5
9.dxc5 Bxc3+ 10.bxc3 Qxd1+ 11.Kxd1 Nfd7 12.Ne2 Nxc5 13.Nd4 b6 14.a4 Ba6 15.Bb5 Rd8
16.Kc2 e5 17.Nf5 g6 18.Nh6+ Kg7 19.Ng4 f6 20.e4 Bc8 21.Bh6+ Kf7 22.Rhd1 Rxd1
23.Rxd1 a6 24.Bc4+ Be6 25.Bxe6+ Nxe6 26.Rd6 b5 27.Bc1 b4 28.Rb6 Nd7 29.Rxb4 Rc8
30.Be3 Rc7 31.a5 h5 32.Nf2 g5 33.Nd3 Ke7 34.Nb2 h4 35.Na4 Nf4 36.g3 Ne6 37.Nb6 Rc6
38.Nd5+ Kd6 39.Ba7 Nec5 40.Ne3 hxg3 41.hxg3 Ke6 42.Nf5 Rc7 43.Bb6 Rb7 44.Rc4  1-0

[Event "Tan Lian Ann cup"]
[Site "Tianjin CHN"]
[Date "2001.07.20"]
[Round "6"]
[White "Chan Peng Kong"]
[Black "Petronic,S"]
[Result "1-0"]
[WhiteElo "2393"]
[BlackElo "2279"]

1.d4 Nf6 2.c4 e6 3.Nc3 Bb4 4.f3 d5 5.a3 Bxc3+ 6.bxc3 b6 7.cxd5 exd5 8.e3 O-O
9.Bd3 Bb7 10.Nh3 Nbd7 11.O-O c5 12.Nf4 Re8 13.Ra2 Rc8 14.g4 Nf8 15.g5 N6d7
16.Rg2 cxd4 17.cxd4 Ne6 18.Nxe6 Rxe6 19.Bd2 Qe7 20.Bf5 Rec6 21.Qb3 Ba6 22.Re1 Qd6
23.Bb4 Qc7 24.Qxd5 Rd8 25.Qb3 Rc1 26.Rc2 Rxc2 27.Qxc2 Qxc2 28.Bxc2 Nf8 29.Kf2 Ne6
30.h4 Bc4 31.Be4 g6 32.Rc1 b5 33.Be7 Rd7 34.Bf6 Ng7 35.Bc6 Rd6 36.d5 Nf5
37.e4 Nxh4 38.Be7  1-0

[Event "ch-Paris Open"]
[Site "Paris FRA"]
[Date "2001.07.23"]
[Round "3"]
[White "Chabanon,JL"]
[Black "Romieux,S"]
[Result "0-1"]
[WhiteElo "2511"]
[BlackElo "2194"]

1.d4 Nf6 2.c4 e6 3.Nc3 Bb4 4.f3 d5 5.a3 Bxc3+ 6.bxc3 O-O 7.cxd5 exd5 8.e3 Re8
9.Bd3 Nh5 10.Ne2 Qh4+ 11.g3 Qh3 12.Kf2 Nd7 13.Ng1 Qe6 14.g4 Nhf6 15.Ne2 Nf8
16.Nf4 Qd6 17.g5 N6d7 18.a4 Ne6 19.Ba3 c5 20.dxc5 Ndxc5 21.Nxd5 Nxg5 22.Bb5 Re5
23.Nf4 Qf6 24.Qd4 Nh3+ 25.Nxh3 Ne4+ 26.Ke2 Bxh3 27.Rhd1 Rc8 28.c4 Qh4 29.Qxe5 Qf2+
30.Kd3 Rd8+ 31.Qd5 Rxd5+ 32.cxd5 Qxf3 33.Kd4 Bg2 34.d6 Qf6+ 35.Kc4 Qc3+  0-1

[Event "MTO"]
[Site "Biel SUI"]
[Date "2001.08.01"]
[Round "9"]
[White "Bozinovic,Bog"]
[Black "Meyer,B"]
[Result "1-0"]
[WhiteElo "2297"]
[BlackElo "2238"]

1.d4 Nf6 2.c4 e6 3.Nc3 Bb4 4.f3 c5 5.d5 O-O 6.e4 d6 7.Ne2 b5 8.Ng3 exd5 9.cxd5 Nbd7
10.Bxb5 Ne5 11.Be2 c4 12.O-O Bc5+ 13.Kh1 a5 14.b3 cxb3 15.Qxb3 Bd7 16.a4 Rb8
17.Nb5 g6 18.Bg5 h6 19.Bxh6 Kh7 20.Bg5 Rh8 21.Be3 Bxe3 22.Qxe3 Kg7 23.h3 Bxh3
24.gxh3 Rxh3+ 25.Kg2 Rxg3+ 26.Kxg3 Nh5+ 27.Kh3 Qf6 28.f4 Rh8 29.Kg2 Qh4 30.fxe5 dxe5
31.Bxh5 Rxh5 32.Rxf7+ Kg8 33.Rf8+ Kg7 34.Qa7+  1-0

[Event "FSIMA August"]
[Site "Budapest HUN"]
[Date "2001.08.11"]
[Round "8"]
[White "Paci,C"]
[Black "Sinkovics,P"]
[Result "0-1"]
[WhiteElo "2275"]
[BlackElo "2301"]

1.d4 Nf6 2.c4 e6 3.Nc3 Bb4 4.f3 d5 5.a3 Bxc3+ 6.bxc3 c5 7.cxd5 exd5 8.e3 O-O
9.Bd3 b6 10.Ne2 Ba6 11.Bxa6 Nxa6 12.O-O Re8 13.Qd3 Nc7 14.a4 Qd7 15.g4 Ne6
16.h4 h5 17.g5 Nh7 18.Ng3 Nexg5 19.hxg5 Qh3 20.Nh1 Nxg5 21.Qe2 cxd4 22.f4 dxe3
23.fxg5 Re4 24.Bxe3 Rg4+ 25.Kf2 Rg2+ 26.Ke1 Rxe2+ 27.Kxe2 Re8 28.Rf3 Qg2+
29.Nf2 Qxg5 30.Rf1 Qh4 31.Nh3 d4 32.cxd4 Qxd4 33.Nf4 Qb2+ 34.Ke1 h4 35.Nd5 Qb1+  0-1

[Event "FSIMB August"]
[Site "Budapest HUN"]
[Date "2001.08.13"]
[Round "10"]
[White "Seres,L"]
[Black "Balogh,V"]
[Result "1-0"]
[WhiteElo "2427"]
[BlackElo "2234"]

1.d4 Nf6 2.c4 e6 3.Nc3 Bb4 4.f3 d5 5.a3 Be7 6.e4 dxc4 7.Be3 Nbd7 8.Bxc4 e5
9.Nge2 O-O 10.O-O c6 11.Qc2 a6 12.Rad1 Qc7 13.Ba2 c5 14.dxe5 Nxe5 15.Nf4 b6
16.Ncd5 Nxd5 17.Nxd5 Qa7 18.Qc3 Ng6 19.f4 Be6 20.f5 Bxd5 21.Bxd5 Bf6 22.Qc2 Ne5
23.Bxa8 Qxa8 24.Bf4 Ng4 25.Qe2 Ne5 26.Rd6 Nc6 27.Rxf6 gxf6 28.Bh6 Ne5 29.Qe1 Kh8
30.Qh4 Nd7 31.Rd1  1-0

[Event "7th Stage Russian Cup"]
[Site "Togliatty RUS"]
[Date "2001.08.15"]
[Round "8"]
[White "Utnasunov,A"]
[Black "Chuiko,A"]
[Result "1/2-1/2"]
[WhiteElo "2279"]
[BlackElo "2414"]

1.d4 Nf6 2.c4 e6 3.Nc3 Bb4 4.f3 d5 5.a3 Bxc3+ 6.bxc3 c5 7.cxd5 exd5 8.e3 O-O
9.Bd3 b6 10.Ne2 Ba6 11.O-O Re8 12.Ng3 Bxd3 13.Qxd3 Nc6 14.Bb2 Rc8 15.Rad1 cxd4
16.cxd4 Na5 17.e4 Rc6 18.e5 Nd7 19.f4 Nc4 20.Bc1 f6 21.Qf3 Nf8 22.Nh5 f5
23.h3 g6 24.Ng3 Qd7 25.Ne2 Ne6 26.Kh2 Rd8 27.g4 Ng7 28.Rg1 b5 29.Rg2 a5 30.Bd2 Qe7
31.Be1 Qxa3 32.Qxa3 Nxa3 33.Bxa5 Ra8 34.Bb4 Nc2 35.Bd2 Rc4 36.Rb1 b4 37.Rb2 Ra4
38.Rg1 Nxd4 39.Nxd4 Rxd4 40.Rgb1 Ne6 41.gxf5 gxf5 42.Bxb4 Nxf4 43.Bc5 Rd3
44.Rb8+ Kg7 45.Bf8+ Kf7 46.R1b7+ Kg6 47.Rg7+ Kh5 48.Rxh7+ Kg5 49.Rg7+ Kh5  1/2-1/2

[Event "Rubinstein Open"]
[Site "Polanica Zdroj POL"]
[Date "2001.08.22"]
[Round "7"]
[White "Szromba,K"]
[Black "Kowzan,P"]
[Result "0-1"]
[WhiteElo "2187"]
[BlackElo "2256"]

1.d4 e6 2.c4 Nf6 3.Nc3 Bb4 4.f3 d6 5.e4 Nbd7 6.Ne2 O-O 7.Be3 c5 8.a3 Ba5
9.Rb1 cxd4 10.Bxd4 Bb6 11.Nb5 d5 12.e5 Nh5 13.c5 Bxc5 14.Bxc5 Nxc5 15.Qd4 Qb6
16.Rc1 Nd7 17.Qxb6 axb6 18.f4 g5 19.fxg5 Nxe5 20.Rc7 Nd3+ 21.Kd2 Nxb2 22.Ned4 Na4
23.Nd6 Nc5 24.N4b5 Ng7 25.Bd3 e5 26.Rf1 Nge6 27.Rcxf7 Rxf7 28.Rxf7 e4 29.Be2 Nxg5
30.Re7 Bd7 31.Nc7 Rd8 32.h4 Bc6 33.Nf5 Nf7 34.Bh5 Nd6 35.Nh6+ Kh8 36.g4 Rd7
37.Rxd7 Nxd7 38.Nf7+ Nxf7 39.Bxf7 d4 40.Ne6 Ne5  0-1